El humanismo cv̕ico Una invitacin̤ a repensar la democracia

Bibliographic Details
Main Author: Irizar, Liliana Beatriz
Format: eBook
Language:Spanish
Published: Bogot ̀: Universidad Sergio Arboleda, 2009
Subjects:
Online Access:http://www.vlex.com/source/10934

MARC

LEADER 00000nam a22000007a 4500
005 20130328183509.0
007 cr|||| ||||
008 130328e2009 ck |||||s|||| 00||0 spa d
020 |a 978-958-8350-31-8 
035 |a 10934 
040 |a vLex 
090 |c 4083  |d 4083 
100 1 0 |a Irizar, Liliana Beatriz  
245 1 3 |a El humanismo cv̕ico  |b Una invitacin̤ a repensar la democracia  |c / Liliana Beatriz Irizar   |h [Recurso electrn̤ico] 
256 |a Servicio en ln̕ea 
260 |a Bogot ̀:  |b Universidad Sergio Arboleda,   |c 2009 
300 |a 1 Recurso electrn̤ico 
506 |a Contenido solo disponible en los productos indicados  |d vLex Global  |d vLex Global (Academic Edition, excluding Law Schools)  |d vLex Global (U.S. Academic Edition, Law Schools)  |d vLex Global (U.S. Academic Edition, excluding Law Schools)  |d vLex Global (Academic Edition, Law Schools) 
650 0 4 |a Antropologa̕ 
650 0 4 |a Teora̕ del Estado 
650 0 4 |a Derecho constitucional  |z Colombia 
650 0 4 |a Filosofa̕ del Derecho 
650 0 4 |a Ciencias polt̕icas 
740 |a vLex Libros (Servicio en ln̕ea) 
856 |a Acceso restringido  |u http://www.vlex.com/source/10934 
942 |c BOOK 
999 0 |a Anthropology